| 000 | 00518nam a2200169 i 4500 | ||
|---|---|---|---|
| 001 | 30786 | ||
| 003 | ES-MaACL | ||
| 005 | 20230906154244.0 | ||
| 007 | t| | ||
| 008 | 030127s1965 sp ||||1| spa d | ||
| 100 | 1 |
_aBellessort, André. _927200 |
|
| 245 | 1 | 0 |
_aVirgilio _b: su obra y su tiempo / _cAndré Bellessort ; [traducción por Domingo Plácido Suárez]. |
| 260 |
_aMadrid : _bTecnos, _c1965. |
||
| 300 |
_a318 p., 1 lám. ; _c20 cm. |
||
| 700 | 1 |
_aSuárez, Domingo Plácido. _9142590 |
|
| 852 | 4 |
_a BA _jC-28797 |
|
| 999 |
_c30786 _d30786 |
||